000 nam a22 a 4500
999 _c587
_d587
003 AKMAL
005 20170504120850.0
008 170504t2004 nyua e b 001 0 eng d
020 _a9780743287937 (pbk.) :
_cRM58.50
040 _aAKMAL
082 0 4 _a158.1 COV
090 2 0 _a158.1
_bCOV
100 1 _aCovey, Stephen R.
_91295
245 1 4 _aThe 8th habit :
_bfrom effectiveness to greatness /
_cStephen R. Covey
246 3 _aEighth habit
260 _aNew York :
_bFree Press,
_c2004
300 _axvi, 409p. :
_bill. ;
_c21cm.
504 _aIncludes bibliographical references and index
650 1 0 _aLeadership
_9120
650 2 0 _aSuccess
_92
942 _2ddc
_cBOOK